| 000 | 01201nam a2200277 i 4500 | ||
|---|---|---|---|
| 003 | EG-GICUC | ||
| 005 | 20260423103457.0 | ||
| 008 | 260423s1971 be ||||fr|||| 00| 0 fre d | ||
| 040 |
_aEG-GiCUC _bfre _cEG-GiCUC _dEG-GiCUC _eRda |
||
| 082 | 0 | 4 |
_221 _a343.442 _bSO . R |
| 092 | 0 | 4 | _221 |
| 099 | _aLaw1 10 343.442 SO . R 1971 | ||
| 110 |
_aSociété Internationale De Droit Pénal Militaire Et De Droit De La Guerre _eAuteur |
||
| 245 | 1 | 0 |
_aRecueils De La Société Internationale De Droit Pénal Militaire Et De Droit De La Guerre.: _bL'Obéissance Militaire Au Regard Des Droits Pénaux Internes Et Du Droit De La Guerre. _hVolume 1/ _cSociété Internationale De Droit Pénal Militaire Et De Droit De La Guerre. |
| 264 | 1 |
_aStrasbourg: _bSociété Internationale De Droit Pénal Militaire Et De Droit De La Guerre , _c1971. |
|
| 300 |
_a538 page ; _c 24 cm. |
||
| 336 |
_2rda contenu _a texte |
||
| 337 |
_2rda medias _aOrdinateur |
||
| 338 |
_2 transporteur rda _a Ressource en ligne |
||
| 546 | _aTexte en français | ||
| 650 | 1 | _aDroit Pénal | |
| 650 | 1 | _aCode Pénal Militaire | |
| 856 | 4 | 0 | _uhttps://fll.law.cu.edu.eg/fulltext/bks/B10-10715.pdf |
| 905 | _a59 | ||
| 942 |
_2ddc _n0 _cBK _e21 |
||
| 999 |
_c72970 _d72970 |
||